Sanat - "Levoton Tuhkimo" - Dingo - Statistics

Yleistilastot
  • Tätä visaa on pelattu 832 kertaa
    830 viimeisimmän päivityksen jälkeen
  • Keskiarvotulos 100 / 150
Vastaustilastot
Sanat % Oikein
tuhkimo
96%
ja
95%
Ja
95%
Levoton
94%
tekee
92%
itsestään
91%
marttyyrin
91%
on
89%
elämä
88%
joku
88%
kun
88%
ei
87%
Ei
87%
helppoo
85%
josta
85%
kii
85%
päivään
85%
pitää
85%
päivästä
84%
Päivästä
84%
mennä
83%
tarvitse
83%
unelmiin
83%
itkeäkseen
82%
nukkumaan
82%
silloin
82%
sinullekin
80%
vieraiden
78%
pilkkaa
77%
75%
pöytiin
70%
Kaikki
67%
katselet
67%
peiliin
67%
vieraisiin
67%
et
66%
itseäsi
65%
nimeltä
65%
Salaa
65%
oo
64%
sun
64%
tarinas
64%
vilkaiset
64%
Juot
63%
tietää
63%
ystävää
61%
takaisin
60%
tuijottaa
60%
yhtään
60%
että
59%
huomaisi
59%
sinutkin.
59%
Toivot
57%
Pikimustat
56%
oli
55%
Pöydässäsi
55%
tähdet
55%
avoinna
54%
karkurin
53%
taivas
53%
Ennen
51%
itseensä
51%
Kunnes
51%
tavoitti
51%
sormi
50%
paha
46%
vielä
44%
juhlaa
43%
kaikkille
42%
ois
42%
aikaakin
41%
hauskaa
41%
pidetään
40%
lähtis
39%
pois
39%
huominen
38%
lähtee
38%
värivalot
38%
ihmiset
37%
nyt
37%
Ilta
36%
nimensä
36%
sua
36%
syttyy
36%
veroinen
36%
Kynttilöitä
35%
lohduton
35%
musiikin
35%
oottaa
35%
Rakkauden
35%
hakkaa
34%
hinta
34%
pimenee
34%
rytmissä
34%
Valot
34%
jalkasi
33%
loista
33%
sankarin
33%
Ulkona
33%
vain
33%
Vasen
33%
eivät
31%
kasvoille
31%
Yön
6%
Ehtoja vastaavia visoja ei löytynyt
Tulosjakauma
Jokaisen tuloksen saaneiden osuus
Persentiili vastausten määrän mukaan
Tuloshistoriasi
Et ole pelannut tätä visaa sen viimeisimmän päivityksen jälkeen